| 000 | 00345 a2200121 4500 | ||
|---|---|---|---|
| 001 | 86996 | ||
| 082 | _a031 STA | ||
| 090 |
_c40977 _d40977 |
||
| 100 | _aStadandard Educational Corp | ||
| 245 |
_aNew standard encyclopedia Vol 4 _btermite affected withdrawn from shelves |
||
| 260 |
_aStandard Educational Corp _bUSA _c1988 |
||
| 300 | _axxxv, 416 p | ||
| 942 |
_aNUST CAE _k031 STA |
||
| 999 |
_c322069 _d322069 |
||